Dutch Youtubers By Picture #2 - Statistics

General Stats
  • This quiz has been taken 12 times
  • The average score is 10 of 12
Answer Stats
Picture Answer % Correct
DutchTuber
92%
Kalvijn
92%
Meisje Djamilla
92%
Milan Knol
92%
Don de Jong
83%
Jeremy Frieser
83%
Qucee
83%
Ties
83%
Touzani TV
83%
Furtjuh
75%
Emma Heesters
67%
Stan Browney
58%
No matching quizzes found
Score Distribution
Percent of People with Each Score
Percentile by Number Answered
Your Score History
You have not taken this quiz